[Event "2024 National Elementary (K-6) Championship"]
[Site "Columbus, Ohio, United States"]
[Date "2024.04.27"]
[Round "5.20"]
[White "Schaefer, Sasha Milo"]
[Black "Samanta, Aayansh"]
[Result "1-0"]
[TimeControl "G/90; d10"]
[WhiteFideId "39920682"]
[BlackFideId "39923290"]
[WhiteElo "1843"]
[BlackElo "1722"]

1. e4 {[%clk 01:30:00]} {[%emt 00:00:02]} c5 {[%clk 01:30:00]} {[%emt
00:00:05]} 2. Nf3 {[%clk 01:30:00]} {[%emt 00:00:02]} a6 {[%clk 01:30:00]}
{[%emt 00:00:03]} 3. c3 {[%clk 01:30:00]} {[%emt 00:00:08]} d5 {[%clk
01:30:00]} {[%emt 00:00:04]} 4. exd5 {[%clk 01:30:00]} {[%emt 00:00:03]} Qxd5
{[%clk 01:30:00]} {[%emt 00:00:04]} 5. d4 {[%clk 01:30:00]} {[%emt 00:00:03]}
e6 {[%clk 01:30:00]} {[%emt 00:00:04]} 6. Be3 {[%clk 01:30:00]} {[%emt
00:00:08]} Nd7 {[%clk 01:30:00]} {[%emt 00:00:04]} 7. Be2 {[%clk 01:29:35]}
{[%emt 00:00:35]} Be7 {[%clk 01:30:00]} {[%emt 00:00:06]} 8. O-O {[%clk
01:29:35]} {[%emt 00:00:05]} Ngf6 {[%clk 01:30:00]} {[%emt 00:00:04]} 9. h3
{[%clk 01:28:58]} {[%emt 00:00:47]} O-O {[%clk 01:28:40]} {[%emt 00:01:30]} 10.
Nbd2 {[%clk 01:28:58]} {[%emt 00:00:04]} Qc6 {[%clk 01:28:19]} {[%emt
00:00:31]} 11. Nc4 {[%emt 00:00:55]} b5 {[%clk 01:27:52]} {[%emt 00:00:17]} 12.
Nce5 {[%clk 01:28:27]} {[%emt 00:00:16]} Qc7 {[%clk 01:27:32]} {[%emt
00:00:29]} 13. Nxd7 {[%emt 00:01:53]} Nxd7 {[%emt 00:00:33]} 14. dxc5 {[%clk
01:25:49]} {[%emt 00:00:54]} Nxc5 {[%clk 01:27:17]} {[%emt 00:00:14]} 15. Bxc5
{[%clk 01:23:49]} {[%emt 00:02:11]} Bxc5 {[%clk 01:27:16]} {[%emt 00:00:11]} 16.
Ng5 {[%clk 01:22:31]} {[%emt 00:01:26]} h6 {[%clk 01:26:34]} {[%emt 00:00:53]}
17. Bf3 {[%clk 01:20:38]} {[%emt 00:02:03]} Bb7 {[%clk 01:25:53]} {[%emt
00:00:52]} 18. Bxb7 {[%clk 01:20:17]} {[%emt 00:00:31]} Qxb7 {[%clk 01:25:53]}
{[%emt 00:00:03]} 19. Qf3 {[%clk 01:19:06]} {[%emt 00:01:20]} Qxf3 {[%clk
01:25:39]} {[%emt 00:00:26]} 20. Nxf3 {[%clk 01:19:06]} {[%emt 00:00:04]} f6
{[%clk 01:25:31]} {[%emt 00:00:19]} 21. Rad1 {[%clk 01:18:56]} {[%emt
00:00:18]} Rad8 {[%clk 01:25:31]} {[%emt 00:00:05]} 22. Rfe1 {[%clk 01:18:56]}
{[%emt 00:00:10]} e5 {[%emt 00:03:13]} 23. Kf1 {[%clk 01:15:49]} {[%emt
00:00:17]} Kf7 {[%clk 01:25:12]} {[%emt 00:00:27]} 24. Nd2 {[%clk 01:14:46]}
{[%emt 00:01:12]} Ke7 {[%clk 01:24:40]} {[%emt 00:00:42]} 25. Nb3 {[%clk
01:13:44]} {[%emt 00:01:13]} Bb6 {[%clk 01:24:36]} {[%emt 00:00:14]} 26. Nd4
{[%clk 01:13:21]} {[%emt 00:00:32]} Bxd4 {[%clk 01:23:25]} {[%emt 00:01:21]} 27.
cxd4 {[%clk 01:06:35]} {[%emt 00:06:54]} Ke6 {[%clk 01:19:59]} {[%emt
00:03:39]} 28. dxe5 {[%clk 01:04:25]} {[%emt 00:02:19]} fxe5 {[%clk 01:18:52]}
{[%emt 00:01:18]} 29. Rc1 {[%clk 01:00:10]} {[%emt 00:04:23]} Rd2 {[%clk
01:17:34]} {[%emt 00:01:30]} 30. Re2 {[%clk 01:00:02]} {[%emt 00:00:17]} Rfd8
{[%clk 01:16:25]} {[%emt 00:01:19]} 31. Rc6+ {[%clk 00:55:01]} {[%emt
00:05:11]} R8d6 {[%clk 01:14:59]} {[%emt 00:01:37]} 32. Rxd6+ {[%clk 00:54:39]}
{[%emt 00:00:31]} Rxd6 {[%clk 01:14:59]} {[%emt 00:00:03]} 33. Rc2 {[%emt
00:00:46]} g5 {[%clk 01:14:38]} {[%emt 00:00:22]} 34. Ke2 {[%clk 00:54:09]}
{[%emt 00:00:14]} Kf5 {[%clk 01:14:27]} {[%emt 00:00:21]} 35. Ke3 {[%clk
00:53:07]} {[%emt 00:01:11]} h5 {[%clk 01:12:55]} {[%emt 00:01:44]} 36. f3
{[%clk 00:51:36]} {[%emt 00:01:39]} Ke6 {[%emt 00:05:24]} 37. g4 {[%emt
00:00:06]} hxg4 {[%clk 01:10:00]} {[%emt 00:00:57]} 38. hxg4 {[%emt 00:00:25]}
Rb6 {[%emt 00:00:51]} 39. Rh2 {[%clk 00:44:32]} {[%emt 00:04:10]} Kd5 {[%clk
01:08:37]} {[%emt 00:00:36]} 40. Rh5 {[%clk 00:43:31]} {[%emt 00:01:10]} Rg6
{[%clk 01:07:32]} {[%emt 00:01:15]} 41. Kd3 {[%clk 00:42:54]} {[%emt 00:00:48]}
Rf6 {[%clk 01:06:31]} {[%emt 00:01:12]} 42. Ke3 {[%clk 00:40:13]} {[%emt
00:02:50]} Rg6 {[%clk 01:06:29]} {[%emt 00:00:13]} 43. Rh8 {[%clk 00:38:58]}
{[%emt 00:01:24]} Rc6 {[%clk 01:02:35]} {[%emt 00:04:05]} 44. Kd3 {[%clk
00:38:12]} {[%emt 00:01:11]} Rd6 {[%emt 00:01:28]} 45. Rg8 {[%clk 00:33:13]}
{[%emt 00:04:35]} Ke6+ {[%emt 00:02:19]} 46. Ke3 {[%clk 00:31:33]} {[%emt
00:00:30]} Kf6 {[%clk 01:00:37]} {[%emt 00:00:35]} 47. Rf8+ {[%emt 00:00:50]}
Kg6 {[%clk 01:00:01]} {[%emt 00:00:13]} 48. Rf5 {[%clk 00:31:27]} {[%emt
00:00:07]} Rc6 {[%clk 00:57:14]} {[%emt 00:02:58]} 49. Rxe5 {[%clk 00:30:42]}
{[%emt 00:00:54]} Rc2 {[%clk 00:57:14]} {[%emt 00:00:09]} 50. Re6+ {[%clk
00:30:28]} {[%emt 00:00:24]} Kf7 {[%clk 00:57:09]} {[%emt 00:00:14]} 51. Rxa6
{[%clk 00:30:28]} {[%emt 00:00:07]} Rxb2 {[%clk 00:57:09]} {[%emt 00:00:09]} 52.
Ke4 {[%clk 00:30:09]} {[%emt 00:00:28]} Rb4+ {[%clk 00:57:04]} {[%emt
00:00:18]} 53. Kf5 {[%clk 00:30:03]} {[%emt 00:00:15]} Rf4+ {[%emt 00:00:19]}
54. Kxg5 {[%clk 00:29:58]} {[%emt 00:00:02]} Rxf3 {[%clk 00:57:03]} {[%emt
00:00:12]} 55. Ra7+ {[%clk 00:28:39]} {[%emt 00:01:30]} Kg8 {[%clk 00:55:44]}
{[%emt 00:01:26]} 56. Kg6 {[%clk 00:28:25]} {[%emt 00:00:26]} Kf8 {[%emt
00:00:20]} 57. g5 {[%clk 00:27:49]} {[%emt 00:00:40]} Rg3 {[%emt 00:00:21]} 58.
Ra8+ {[%clk 00:27:40]} {[%emt 00:00:11]} Ke7 {[%clk 00:55:35]} {[%emt
00:00:12]} 59. Rb8 {[%clk 00:25:04]} {[%emt 00:02:46]} Ra3 {[%clk 00:55:33]}
{[%emt 00:00:12]} 60. Rxb5 {[%clk 00:25:04]} {[%emt 00:00:10]} Rxa2 {[%clk
00:55:33]} {[%emt 00:00:09]} 61. Kg7 {[%clk 00:24:51]} {[%emt 00:00:22]} Ke6
{[%emt 00:03:27]} 62. g6 {[%clk 00:24:08]} {[%emt 00:00:39]} Ke7 {[%clk
00:51:43]} {[%emt 00:00:57]} 63. Re5+ {[%clk 00:23:28]} {[%emt 00:00:50]} Kd6
{[%clk 00:51:31]} {[%emt 00:00:23]} 64. Re1 {[%emt 00:00:24]} Rg2 {[%clk
00:51:18]} {[%emt 00:00:05]} 65. Kh7 {[%clk 00:23:25]} {[%emt 00:00:12]} Rh2+
{[%clk 00:48:44]} {[%emt 00:02:45]} 66. Kg8 {[%clk 00:23:24]} {[%emt 00:00:10]}
Rg2 {[%clk 00:48:42]} {[%emt 00:00:11]} 67. g7 {[%clk 00:23:24]} {[%emt
00:00:05]} Kd7 {[%clk 00:48:39]} {[%emt 00:00:14]} 68. Rh1 {[%clk 00:23:08]}
{[%emt 00:00:23]} Ke7 {[%clk 00:46:01]} {[%emt 00:02:49]} 69. Kh7 {[%clk
00:23:02]} {[%emt 00:00:16]} Kf7 {[%clk 00:45:45]} {[%emt 00:00:27]} 70. Rf1+
{[%clk 00:23:02]} {[%emt 00:00:06]} Ke7 {[%clk 00:45:45]} {[%emt 00:00:03]} 71.
g8=Q {[%clk 00:22:58]} {[%emt 00:00:12]} Rh2 {[%clk 00:45:45]} {[%emt
00:00:06]} 72. Kg7 {[%clk 00:22:50]} {[%emt 00:00:16]} Rg2 {[%clk 00:45:38]}
{[%emt 00:00:18]} 73. Kh8 {[%clk 00:22:49]} {[%emt 00:00:10]} Rxg8+ {[%clk
00:45:38]} {[%emt 00:00:10]} 74. Kxg8 {[%clk 00:22:49]} {[%emt 00:00:05]} 1-0

[Event "2024 National Elementary (K-6) Championship"]
[Site "Columbus, Ohio, United States"]
[Date "2024.04.27"]
[Round "5.21"]
[White "Wu, Darren"]
[Black "Singh, Ian Avery"]
[Result "1/2-1/2"]
[TimeControl "G/90; d10"]
[WhiteFideId "39919188"]
[BlackFideId "39902676"]
[WhiteElo "1715"]
[BlackElo "1829"]

1. e4 {[%clk 01:30:00]} {[%emt 00:00:03]} c5 {[%clk 01:30:00]} {[%emt
00:00:04]} 2. c4 {[%clk 01:30:00]} {[%emt 00:00:12]} e6 {[%clk 01:30:00]}
{[%emt 00:00:11]} 3. Nc3 {[%clk 01:29:57]} {[%emt 00:00:15]} a6 {[%clk
01:30:00]} {[%emt 00:00:05]} 4. Nge2 {[%clk 01:29:54]} {[%emt 00:00:06]} Nf6
{[%clk 01:29:57]} {[%emt 00:00:13]} 5. d4 {[%clk 01:29:51]} {[%emt 00:00:13]}
cxd4 {[%clk 01:29:57]} {[%emt 00:00:05]} 6. Nxd4 {[%clk 01:29:51]} {[%emt
00:00:04]} d6 {[%clk 01:29:54]} {[%emt 00:00:13]} 7. Be2 {[%clk 01:29:17]}
{[%emt 00:00:42]} Be7 {[%clk 01:29:10]} {[%emt 00:00:55]} 8. O-O {[%clk
01:29:06]} {[%emt 00:00:21]} b6 {[%clk 01:29:01]} {[%emt 00:00:19]} 9. Be3
{[%clk 01:28:55]} {[%emt 00:00:20]} Bb7 {[%clk 01:29:01]} {[%emt 00:00:09]} 10.
f3 {[%clk 01:28:40]} {[%emt 00:00:24]} O-O {[%clk 01:29:01]} {[%emt 00:00:07]}
11. Qd2 {[%clk 01:28:28]} {[%emt 00:00:23]} Nbd7 {[%clk 01:29:01]} {[%emt
00:00:10]} 12. Rfd1 {[%clk 01:28:01]} {[%emt 00:00:37]} Qc7 {[%clk 01:28:43]}
{[%emt 00:00:28]} 13. Rac1 {[%clk 01:27:47]} {[%emt 00:00:23]} Rfe8 {[%clk
01:28:43]} {[%emt 00:00:09]} 14. Nc2 {[%clk 01:26:34]} {[%emt 00:01:23]} Bf8
{[%clk 01:28:34]} {[%emt 00:00:20]} 15. b3 {[%clk 01:25:21]} {[%emt 00:01:22]}
Rac8 {[%clk 01:26:38]} {[%emt 00:02:03]} 16. Ne1 {[%clk 01:24:44]} {[%emt
00:00:49]} Qb8 {[%clk 01:18:28]} {[%emt 00:08:21]} 17. Na4 {[%clk 01:21:04]}
{[%emt 00:03:50]} Qc7 {[%clk 01:16:02]} {[%emt 00:02:35]} 18. Nc3 {[%clk
01:20:27]} {[%emt 00:00:48]} Rcd8 {[%clk 01:13:25]} {[%emt 00:02:47]} 19. Na4
{[%clk 01:19:21]} {[%emt 00:01:16]} Nc5 {[%clk 01:12:32]} {[%emt 00:01:03]} 20.
Nxc5 {[%clk 01:19:06]} {[%emt 00:00:24]} dxc5 {[%clk 01:12:32]} {[%emt
00:00:12]} 21. Qc3 {[%clk 01:17:11]} {[%emt 00:02:05]} Bd6 {[%clk 01:12:15]}
{[%emt 00:00:27]} 22. g3 {[%clk 01:15:21]} {[%emt 00:01:59]} Nd7 {[%clk
01:10:25]} {[%emt 00:02:01]} 23. Ng2 {[%clk 01:14:25]} {[%emt 00:01:03]} Be5
{[%clk 01:03:49]} {[%emt 00:06:48]} 24. Qc2 {[%clk 01:14:04]} {[%emt 00:00:30]}
Bf6 {[%clk 00:58:03]} {[%emt 00:05:57]} 25. Rd2 {[%clk 01:13:09]} {[%emt
00:01:05]} Nf8 {[%clk 00:57:41]} {[%emt 00:00:31]} 26. Rcd1 {[%clk 01:12:07]}
{[%emt 00:01:13]} Be7 {[%clk 00:54:25]} {[%emt 00:03:26]} 27. Rxd8 {[%clk
01:11:43]} {[%emt 00:00:34]} Rxd8 {[%clk 00:54:25]} {[%emt 00:00:04]} 28. Rxd8
{[%clk 01:11:32]} {[%emt 00:00:21]} Qxd8 {[%clk 00:54:25]} {[%emt 00:00:09]} 29.
Qd3 {[%clk 01:11:13]} {[%emt 00:00:30]} Qxd3 {[%clk 00:53:21]} {[%emt
00:01:15]} 30. Bxd3 {[%clk 01:11:10]} {[%emt 00:00:12]} Nd7 {[%clk 00:53:21]}
{[%emt 00:00:05]} 31. Kf2 {[%clk 01:09:23]} {[%emt 00:01:56]} Ne5 {[%clk
00:53:02]} {[%emt 00:00:29]} 32. Be2 {[%clk 01:08:28]} {[%emt 00:01:05]} Nc6
{[%clk 00:52:17]} {[%emt 00:00:55]} 33. a3 {[%clk 01:06:45]} {[%emt 00:01:53]}
Nd4 {[%clk 00:51:03]} {[%emt 00:01:25]} 34. Bd1 {[%clk 01:06:18]} {[%emt
00:00:34]} Kf8 {[%clk 00:49:11]} {[%emt 00:02:05]} 35. Ne1 {[%clk 01:05:38]}
{[%emt 00:00:47]} a5 {[%clk 00:47:38]} {[%emt 00:01:45]} 36. b4 {[%clk
01:05:07]} {[%emt 00:00:41]} axb4 {[%clk 00:45:34]} {[%emt 00:02:14]} 37. axb4
{[%clk 01:04:50]} {[%emt 00:00:27]} e5 {[%clk 00:44:51]} {[%emt 00:00:53]} 38.
bxc5 {[%clk 01:04:39]} {[%emt 00:00:21]} bxc5 {[%clk 00:44:51]} {[%emt
00:00:06]} 39. Nc2 {[%clk 01:04:12]} {[%emt 00:00:36]} Ba6 {[%clk 00:44:18]}
{[%emt 00:00:45]} 40. Bxd4 {[%clk 01:03:24]} {[%emt 00:00:57]} cxd4 {[%clk
00:43:15]} {[%emt 00:01:13]} 41. Be2 {[%clk 01:03:11]} {[%emt 00:00:21]} Bc5
{[%clk 00:43:15]} {[%emt 00:00:11]} 42. Bd3 {[%clk 01:03:02]} {[%emt 00:00:19]}
Ke7 {[%clk 00:42:48]} {[%emt 00:00:38]} 43. f4 {[%clk 01:02:48]} {[%emt
00:00:24]} Kd6 {[%clk 00:41:44]} {[%emt 00:01:14]} 44. fxe5+ {[%clk 01:02:40]}
{[%emt 00:00:18]} Kxe5 {[%clk 00:41:44]} {[%emt 00:00:04]} 45. Ke2 {[%clk
01:02:23]} {[%emt 00:00:27]} Bb7 {[%clk 00:41:44]} {[%emt 00:00:07]} 46. Ne1
{[%clk 01:01:56]} {[%emt 00:00:35]} Bxe4 {[%clk 00:37:17]} {[%emt 00:04:39]} 47.
Nf3+ {[%clk 01:01:50]} {[%emt 00:00:15]} Bxf3+ {[%clk 00:37:17]} {[%emt
00:00:02]} 48. Kxf3 {[%clk 01:01:47]} {[%emt 00:00:13]} h5 {[%clk 00:37:17]}
{[%emt 00:00:03]} 49. h4 {[%clk 01:01:29]} {[%emt 00:00:28]} f5 {[%clk
00:35:24]} {[%emt 00:02:03]} 50. Bc2 {[%clk 01:00:58]} {[%emt 00:00:41]} g6
{[%clk 00:34:00]} {[%emt 00:01:35]} 51. Bd3 {[%clk 01:00:00]} {[%emt 00:01:07]}
Be7 {[%clk 00:33:20]} {[%emt 00:00:51]} 52. Bc2 {[%clk 00:59:03]} {[%emt
00:01:07]} Bf6 {[%clk 00:33:20]} {[%emt 00:00:08]} 53. Ke2 {[%clk 00:57:32]}
{[%emt 00:01:40]} Be7 {[%clk 00:29:03]} {[%emt 00:04:27]} 54. Kd3 {[%clk
00:55:03]} {[%emt 00:02:39]} Bc5 {[%clk 00:27:31]} {[%emt 00:01:43]} 55. Bd1
{[%clk 00:54:03]} {[%emt 00:01:10]} Kd6 {[%clk 00:25:11]} {[%emt 00:02:30]} 56.
Ba4 {[%clk 00:53:39]} {[%emt 00:00:32]} Ke6 {[%clk 00:24:20]} {[%emt 00:01:02]}
57. Be8 {[%clk 00:52:47]} {[%emt 00:01:01]} Kf6 {[%clk 00:24:13]} {[%emt
00:00:18]} 58. Ke2 {[%clk 00:51:16]} {[%emt 00:01:40]} Bd6 {[%clk 00:23:25]}
{[%emt 00:00:58]} 59. Kf3 {[%clk 00:51:13]} {[%emt 00:00:12]} d3 {[%clk
00:23:09]} {[%emt 00:00:28]} 60. Kf2 {[%clk 00:49:26]} {[%emt 00:01:56]} d2
{[%clk 00:22:42]} {[%emt 00:00:37]} 61. Ba4 {[%clk 00:47:19]} {[%emt 00:02:16]}
Ke7 {[%clk 00:22:05]} {[%emt 00:00:48]} 62. Kf3 {[%clk 00:47:02]} {[%emt
00:00:27]} Kd8 {[%clk 00:21:03]} {[%emt 00:01:12]} 63. Kf2 {[%clk 00:46:23]}
{[%emt 00:00:49]} Kc7 {[%clk 00:21:03]} {[%emt 00:00:06]} 64. Ke2 {[%clk
00:46:23]} {[%emt 00:00:09]} Kd8 {[%clk 00:20:18]} {[%emt 00:00:56]} 65. Kf2
{[%clk 00:46:06]} {[%emt 00:00:27]} Ke7 {[%clk 00:20:17]} {[%emt 00:00:11]} 66.
Kf3 {[%clk 00:45:44]} {[%emt 00:00:31]} Kf6 {[%clk 00:19:35]} {[%emt 00:00:53]}
67. Kf2 {[%clk 00:45:44]} {[%emt 00:00:09]} Bc5+ {[%clk 00:16:01]} {[%emt
00:03:44]} 68. Ke2 {[%clk 00:45:38]} {[%emt 00:00:15]} Bg1 {[%clk 00:16:01]}
{[%emt 00:00:08]} 69. Kf1 {[%clk 00:45:01]} {[%emt 00:00:46]} Bc5 {[%clk
00:15:58]} {[%emt 00:00:14]} 70. Ke2 {[%clk 00:44:55]} {[%emt 00:00:16]} Bd6
{[%clk 00:15:43]} {[%emt 00:00:25]} 71. Kf2 {[%clk 00:44:36]} {[%emt 00:00:28]}
f4 {[%clk 00:14:25]} {[%emt 00:01:29]} 72. gxf4 {[%clk 00:44:17]} {[%emt
00:00:29]} Bxf4 {[%clk 00:14:10]} {[%emt 00:00:23]} 73. c5 {[%clk 00:43:39]}
{[%emt 00:00:50]} Be5 {[%clk 00:13:16]} {[%emt 00:01:05]} 74. c6 {[%clk
00:43:20]} {[%emt 00:00:28]} Ke7 {[%clk 00:12:21]} {[%emt 00:01:05]} 75. Ke2
{[%clk 00:43:13]} {[%emt 00:00:17]} Kd8 {[%clk 00:11:40]} {[%emt 00:00:52]} 76.
Bc2 {[%clk 00:43:07]} {[%emt 00:00:15]} Bf6 {[%clk 00:11:29]} {[%emt 00:00:21]}
77. Bxg6 {[%clk 00:43:07]} {[%emt 00:00:10]} Bxh4 {[%clk 00:11:29]} {[%emt
00:00:08]} 78. Kxd2 {[%clk 00:42:48]} {[%emt 00:00:29]} Bg5+ {[%clk 00:11:29]}
{[%emt 00:00:07]} 79. Ke2 {[%clk 00:41:06]} {[%emt 00:01:52]} h4 {[%clk
00:11:29]} {[%emt 00:00:05]} 80. Kf3 {[%clk 00:41:06]} {[%emt 00:00:05]} Kc7
{[%clk 00:11:29]} {[%emt 00:00:01]} 81. Kg4 {[%clk 00:40:55]} {[%emt 00:00:20]}
Be7 {[%clk 00:11:29]} {[%emt 00:00:05]} 82. Be4 {[%clk 00:40:55]} {[%emt
00:00:10]} Bf6 {[%clk 00:11:29]} {[%emt 00:00:05]} 83. Bd5 {[%clk 00:40:55]}
{[%emt 00:00:09]} Be7 {[%clk 00:11:29]} {[%emt 00:00:04]} 84. Be4 {[%clk
00:40:55]} {[%emt 00:00:07]} Bf6 {[%clk 00:11:29]} {[%emt 00:00:06]} 85. Bd5
{[%clk 00:40:55]} {[%emt 00:00:06]} Be7 {[%clk 00:11:29]} {[%emt 00:00:01]} 86.
Be4 {[%clk 00:40:55]} {[%emt 00:00:06]} Bf6 {[%clk 00:11:29]} {[%emt 00:00:02]}
1/2-1/2

[Event "2024 National Elementary (K-6) Championship"]
[Site "Columbus, Ohio, United States"]
[Date "2024.04.27"]
[Round "5.22"]
[White "Sha, Yi"]
[Black "Li, Jayden"]
[Result "1-0"]
[TimeControl "G/90; d10"]
[WhiteFideId "39915050"]
[BlackFideId "39933725"]
[WhiteElo "1924"]
[BlackElo "1616"]

1. d4 {[%clk 01:30:00]} {[%emt 00:00:09]} d5 {[%clk 01:30:00]} {[%emt
00:00:18]} 2. c4 {[%clk 01:29:58]} {[%emt 00:00:12]} e6 {[%clk 01:30:00]}
{[%emt 00:00:03]} 3. Nc3 {[%clk 01:29:54]} {[%emt 00:00:05]} Nf6 {[%clk
01:30:00]} {[%emt 00:00:02]} 4. Nf3 {[%clk 01:29:42]} {[%emt 00:00:23]} c6
{[%clk 01:30:00]} {[%emt 00:00:08]} 5. e3 {[%clk 01:29:34]} {[%emt 00:00:16]}
Nbd7 {[%clk 01:29:59]} {[%emt 00:00:12]} 6. Bd3 {[%clk 01:29:24]} {[%emt
00:00:20]} dxc4 {[%clk 01:29:58]} {[%emt 00:00:12]} 7. Bxc4 {[%clk 01:29:14]}
{[%emt 00:00:19]} Bb4 {[%clk 01:29:58]} {[%emt 00:00:04]} 8. O-O {[%clk
01:28:05]} {[%emt 00:01:19]} O-O {[%clk 01:29:39]} {[%emt 00:00:29]} 9. a3
{[%clk 01:27:17]} {[%emt 00:00:59]} Bxc3 {[%clk 01:29:21]} {[%emt 00:00:27]} 10.
bxc3 {[%clk 01:27:01]} {[%emt 00:00:26]} b6 {[%clk 01:29:21]} {[%emt 00:00:10]}
11. Bd3 {[%clk 01:24:56]} {[%emt 00:02:14]} Bb7 {[%clk 01:29:14]} {[%emt
00:00:16]} 12. e4 {[%clk 01:21:42]} {[%emt 00:03:26]} h6 {[%clk 01:25:15]}
{[%emt 00:04:09]} 13. Qe2 {[%clk 01:15:41]} {[%emt 00:06:10]} Re8 {[%clk
01:21:37]} {[%emt 00:03:47]} 14. e5 {[%clk 01:07:33]} {[%emt 00:08:19]} Nd5
{[%emt 00:00:44]} 15. c4 {[%clk 01:06:30]} {[%emt 00:00:41]} Ne7 {[%clk
01:21:30]} {[%emt 00:00:16]} 16. Qe4 {[%clk 01:04:29]} {[%emt 00:02:11]} Nf8
{[%clk 01:21:30]} {[%emt 00:00:04]} 17. Bb2 {[%clk 00:58:09]} {[%emt 00:06:30]}
Qc7 {[%clk 01:18:58]} {[%emt 00:02:42]} 18. Qe3 {[%clk 00:54:11]} {[%emt
00:04:07]} Nd7 {[%clk 01:18:04]} {[%emt 00:01:04]} 19. Rac1 {[%clk 00:44:00]}
{[%emt 00:10:20]} c5 {[%clk 01:17:41]} {[%emt 00:00:34]} 20. Rfe1 {[%clk
00:42:59]} {[%emt 00:01:11]} a6 {[%clk 01:17:11]} {[%emt 00:00:40]} 21. Nd2
{[%clk 00:36:11]} {[%emt 00:06:56]} a5 {[%clk 01:14:52]} {[%emt 00:02:32]} 22.
Bb1 {[%clk 00:30:44]} {[%emt 00:05:35]} a4 {[%clk 01:13:38]} {[%emt 00:01:26]}
23. Qd3 {[%clk 00:30:21]} {[%emt 00:00:32]} Nf8 {[%clk 01:12:53]} {[%emt
00:00:54]} 24. Ne4 {[%clk 00:28:00]} {[%emt 00:02:32]} cxd4 {[%clk 01:08:48]}
{[%emt 00:04:16]} 25. Nd6 {[%clk 00:26:55]} {[%emt 00:01:14]} Red8 {[%clk
01:08:31]} {[%emt 00:00:27]} 26. Bxd4 {[%clk 00:25:48]} {[%emt 00:01:17]} Qc6
{[%clk 01:08:09]} {[%emt 00:00:32]} 27. f3 {[%clk 00:25:05]} {[%emt 00:00:53]}
Nc8 {[%clk 01:04:57]} {[%emt 00:03:20]} 28. c5 {[%clk 00:23:50]} {[%emt
00:01:27]} Qd5 {[%clk 01:04:03]} {[%emt 00:01:04]} 29. Qe3 {[%clk 00:22:10]}
{[%emt 00:01:48]} Nxd6 {[%clk 01:03:04]} {[%emt 00:01:11]} 30. cxd6 {[%clk
00:21:20]} {[%emt 00:00:59]} Rd7 {[%clk 00:57:11]} {[%emt 00:06:04]} 31. Bxb6
{[%clk 00:19:26]} {[%emt 00:02:04]} Rb8 {[%clk 00:55:15]} {[%emt 00:02:06]} 32.
Bc7 {[%clk 00:18:51]} {[%emt 00:00:45]} Rc8 {[%clk 00:49:25]} {[%emt 00:06:00]}
33. Be4 {[%clk 00:18:39]} {[%emt 00:00:23]} Qxe5 {[%clk 00:47:25]} {[%emt
00:02:10]} 34. Bh7+ {[%clk 00:18:19]} 1-0

[Event "2024 National Elementary (K-6) Championship"]
[Site "Columbus, Ohio, United States"]
[Date "2024.04.27"]
[Round "5.23"]
[White "Chen, Celine"]
[Black "Egelhof, Thomas"]
[Result "1-0"]
[TimeControl "G/90; d10"]
[WhiteFideId "39915107"]
[BlackFideId "39918955"]
[WhiteElo "1760"]
[BlackElo "1533"]

1. d4 {[%clk 01:29:25]} {[%emt 00:00:30]} Nf6 {[%clk 01:30:00]} {[%emt
00:00:07]} 2. c4 {[%clk 01:29:15]} {[%emt 00:00:19]} g6 {[%clk 01:30:00]}
{[%emt 00:00:10]} 3. f3 {[%clk 01:29:12]} {[%emt 00:00:13]} Bg7 {[%clk
01:30:00]} {[%emt 00:00:07]} 4. e4 {[%clk 01:28:42]} {[%emt 00:00:39]} d6
{[%clk 01:29:58]} {[%emt 00:00:13]} 5. Nc3 {[%clk 01:28:10]} {[%emt 00:00:43]}
O-O {[%clk 01:29:58]} {[%emt 00:00:09]} 6. Be3 {[%clk 01:27:26]} {[%emt
00:00:53]} Nbd7 {[%clk 01:29:49]} {[%emt 00:00:19]} 7. Nge2 {[%clk 01:26:51]}
{[%emt 00:00:45]} c6 {[%clk 01:29:39]} {[%emt 00:00:21]} 8. Qd2 {[%clk
01:26:09]} {[%emt 00:00:51]} e5 {[%clk 01:25:09]} {[%emt 00:04:40]} 9. d5
{[%clk 01:24:52]} {[%emt 00:01:26]} Nb6 {[%clk 01:24:42]} {[%emt 00:00:38]} 10.
Ng3 {[%clk 01:24:07]} {[%emt 00:00:55]} cxd5 {[%clk 01:24:08]} {[%emt
00:00:45]} 11. cxd5 {[%clk 01:24:04]} {[%emt 00:00:12]} h5 {[%clk 01:23:10]}
{[%emt 00:01:08]} 12. h4 {[%clk 01:23:04]} {[%emt 00:01:10]} Bd7 {[%clk
01:21:41]} {[%emt 00:01:40]} 13. Be2 {[%clk 01:21:52]} {[%emt 00:01:21]} Re8
{[%clk 01:20:57]} {[%emt 00:00:53]} 14. Bh6 {[%clk 01:20:33]} {[%emt 00:01:28]}
Rc8 {[%clk 01:20:43]} {[%emt 00:00:26]} 15. Bxg7 {[%clk 01:20:30]} {[%emt
00:00:13]} Kxg7 {[%clk 01:19:49]} {[%emt 00:01:04]} 16. Nf1 {[%clk 01:18:51]}
{[%emt 00:01:49]} Nc4 {[%clk 01:19:38]} {[%emt 00:00:21]} 17. Bxc4 {[%clk
01:18:32]} {[%emt 00:00:28]} Rxc4 {[%clk 01:19:38]} {[%emt 00:00:09]} 18. Ne3
{[%clk 01:18:27]} {[%emt 00:00:14]} Rd4 {[%clk 01:19:32]} {[%emt 00:00:16]} 19.
Qe2 {[%clk 01:18:11]} {[%emt 00:00:27]} Qb6 {[%clk 01:19:24]} {[%emt 00:00:18]}
20. Rd1 {[%clk 01:16:57]} {[%emt 00:01:24]} Rxd1+ {[%clk 01:18:48]} {[%emt
00:00:46]} 21. Ncxd1 {[%clk 01:16:57]} {[%emt 00:00:09]} Rc8 {[%clk 01:18:22]}
{[%emt 00:00:36]} 22. Nc3 {[%clk 01:16:22]} {[%emt 00:00:45]} a5 {[%clk
01:16:49]} {[%emt 00:01:43]} 23. O-O {[%clk 01:13:49]} {[%emt 00:02:42]} Rxc3
{[%clk 01:16:02]} {[%emt 00:00:58]} 24. bxc3 {[%clk 01:13:41]} {[%emt
00:00:18]} Bb5 {[%clk 01:15:56]} {[%emt 00:00:16]} 25. Qf2 {[%clk 01:13:39]}
{[%emt 00:00:12]} Bxf1 {[%clk 01:15:56]} {[%emt 00:00:10]} 26. Nf5+ {[%clk
01:13:37]} {[%emt 00:00:11]} gxf5 {[%emt 00:00:41]} 27. Qxb6 {[%clk 01:13:37]}
{[%emt 00:00:03]} Ba6 {[%clk 01:15:05]} {[%emt 00:00:34]} 28. Qxd6 {[%clk
01:13:31]} {[%emt 00:00:16]} fxe4 {[%clk 01:14:09]} {[%emt 00:01:06]} 29. Qxe5
{[%clk 01:13:31]} {[%emt 00:00:08]} exf3 {[%clk 01:13:15]} {[%emt 00:01:04]} 30.
Qg5+ {[%clk 01:13:29]} {[%emt 00:00:11]} Kf8 {[%clk 01:13:08]} {[%emt
00:00:18]} 31. Qxf6 {[%clk 01:13:29]} {[%emt 00:00:06]} fxg2 {[%clk 01:13:03]}
{[%emt 00:00:16]} 32. d6 {[%clk 01:13:21]} {[%emt 00:00:18]} Bb5 {[%clk
01:12:27]} {[%emt 00:00:46]} 33. Qh8# {[%clk 01:13:00]} {[%emt 00:00:30]} 1-0